00725nam a22002537a 45000010005000000030006000050050017000110080041000280200015000690400029000840500013001130820011001261000025001372450033001622500027001952600035002223000045002575050007003025200078003095210019003875210018004066500021004246500026004455297FISKH20250815123740.0241125b cb ||||| |||| 00| 0 eng d a0590453920 aFISKHbengcFISKHdFISKH aPZ7.A778 a813.54 aAsch, Frankd(1946-) aBear's bargain /cFrank Asch aFirst printing in 1991 aNew York :bScholastic,c1991. a28 pages :bColor illustrations ;c21 cm aJ  aBear and Little Bird try to help each other achieve impossible ambitions.8 a460 bLexile 8 aJ bRaz-Plus  2FictionaAnimals 2BearaProblem solving